[Event "81st ARM-ch 2021"]
[Site "Yerevan"]
[Date "2021.02.17"]
[Round "2.4"]
[White "Petrosian, Tigran L."]
[Black "Hovhannisyan, Robert"]
[Result "0-1"]
[WhiteElo "2601"]
[BlackElo "2642"]
[Annotator "TA"]
[PlyCount "86"]
[EventDate "2021.02.16"]
[EventType "tourn"]
[EventCountry "ARM"]
[SourceTitle "playchess.com"]
[Source "ChessBase"]
[SourceQuality "1"]

{[%evp 9,86,18,21,22,27,0,20,0,14,0,10,8,10,9,13,21,21,-12,-12,-75,-72,-92,-102,-107,-107,-103,-93,-114,-99,-97,-36,-56,33,34,36,36,54,52,84,42,48,36,63,35,29,39,40,0,0,0,34,28,48,14,55,49,250,235,218,29,62,0,0,-1266,-1250,-1205,-1183,-1113,-223,-353,-282,-799,-783,-786,-783,-780,-596,-601,-579]} 1. e4 e5 2. Nf3 Nc6 3. Bb5 Nf6 4. d3 Bc5 5. Bxc6 dxc6 6. O-O {C65: Ruy Lopez: Berlin Defence (3...Nf6), unusual lines and 4 0-0 Bc5.} Qe7 7. Be3 Bg4 8. Nbd2 {The position is equal.} Nd7 9. h3 Bh5 {[#]} 10. Qe1 $146 ({Predecessor:} 10. c3 Bxe3 11. fxe3 O-O 12. d4 exd4 13. exd4 c5 14. Qb3 b6 15. Rae1 Bxf3 16. Nxf3 cxd4 17. cxd4 {½-½ (31) Movsesian,S (2649)-Nguyen,T (2569) Prague 2020}) 10... O-O-O 11. a3 Kb8 12. b4 Bxe3 13. fxe3 g5 14. Qg3 (14. a4 $11 {remains equal.}) 14... f6 $17 15. Rf2 Rdg8 16. Raf1 g4 17. Nh4 gxh3 18. Qxh3 Bg4 19. Nf5 {Threatens to win with Qxg4.} Bxf5 (19... Qe8 $17 20. Qh2 h5) 20. Rxf5 $15 h5 (20... Rg7 $15) 21. Rxh5 $14 Rxh5 22. Qxh5 Qg7 {[%csl Gg8][%cal Rg7g2]} 23. Qf3 Rh8 24. Kf2 a6 25. Nb3 Rh6 26. Qg3 Rg6 27. Qh3 Rh6 28. Qg3 Rg6 29. Qh3 Rh6 $1 {[%cal Rh6h3]} 30. Qf5 Qe7 31. Qg4 Ka7 32. Qg8 f5 $2 (32... Nf8 $14) 33. exf5 $18 Nf6 34. Qc4 (34. Qg3 $1 $18) 34... Qg7 $11 35. Na5 ({White should try} 35. Nd2 $14) 35... Ka8 36. Ke2 $2 {[%mdl 8192]} (36. Qc5 $11) 36... Qxg2+ $19 37. Rf2 Qg1 38. Qe6 Qg4+ $2 (38... Kb8 {( -> ...Rh1)} 39. Nxc6+ bxc6 40. Qxc6 Rh1 $1 41. Qxh1 Qxh1) 39. Ke1 {[#]} (39. Kd2 {was called for.} Ne4+ {[%mdl 64] Discovered Attack} 40. dxe4 Rxe6 41. fxe6 Qxe6 42. Nb3) 39... Kb8 $1 40. Qxe5 $2 (40. Re2 Ne4 41. dxe4 (41. Qe8+ $2 Ka7 $19) 41... Rxe6 42. fxe6) 40... Rh1+ {Black is clearly winning.} 41. Rf1 Qh4+ 42. Ke2 Rh2+ 43. Kd1 {aiming for Kc1.} Qg4+ {Weighted Error Value: White=0.61/Black=0.36} 0-1

[Event "81st ARM-ch 2021"]
[Site "Yerevan"]
[Date "2021.02.17"]
[Round "2.5"]
[White "Pashikian, Arman"]
[Black "Ter-Sahakyan, Samvel"]
[Result "1-0"]
[WhiteElo "2606"]
[BlackElo "2640"]
[Annotator "TA"]
[PlyCount "63"]
[EventDate "2021.02.16"]
[EventType "tourn"]
[EventCountry "ARM"]
[SourceTitle "playchess.com"]
[Source "ChessBase"]
[SourceQuality "1"]

{[%evp 12,63,27,7,28,5,0,0,0,0,0,0,0,0,41,34,44,51,56,51,64,55,49,52,60,68,69,54,56,54,77,73,95,93,107,107,104,107,120,112,127,114,117,118,121,120,212,203,233,231,239,241,234,238]} 1. d4 Nf6 2. c4 e6 3. Nf3 d5 4. g3 Bb4+ 5. Bd2 a5 6. Qc2 O-O {now supersedes 6...Nc6.} 7. Bg2 c5 {[#] E11: Bogo-Indian.} 8. a3 $146 ({Predecessor:} 8. cxd5 cxd4 9. Nxd4 Qb6 10. e3 exd5 11. O-O Nc6 12. Nxc6 bxc6 13. Rc1 Be6 14. Qxc6 Bxd2 15. Qxb6 Bxc1 {1-0 (43) Karjakin,S (2752)-Matlakov,M (2698) Moscow 2020}) 8... Bxd2+ 9. Nbxd2 cxd4 {The position is equal.} 10. Nxd4 e5 11. Nb5 Bd7 12. a4 Bc6 13. cxd5 Nxd5 14. O-O Nb4 15. Qc3 Bxg2 16. Kxg2 N8c6 17. Rad1 Qe7 18. Ne4 Rad8 19. Qc5 Qe6 20. Nbd6 Rd7 21. Qc4 $1 Qxc4 22. Nxc4 Rfd8 23. Rxd7 Rxd7 24. Nc5 Rc7 {White must now prevent ...Nd4.} 25. Rd1 f6 {...Nd4 is the strong threat.} 26. Rd7 Rxd7 27. Nxd7 $16 {KNN-KNN} Na6 28. Nd6 Nc7 (28... Nd4 $16) 29. Nxb7 $18 {White is clearly better.} Kf7 30. Ndc5 Nd5 {[#]} 31. Nd6+ $1 Ke7 {[#]} 32. Nc4 $1 {Weighted Error Value: White=0.02/Black=0.12} 1-0

[Event "81st ARM-ch 2021"]
[Site "Yerevan"]
[Date "2021.02.17"]
[Round "2.6"]
[White "Petrosyan, Manuel"]
[Black "Andriasian, Zaven"]
[Result "1/2-1/2"]
[WhiteElo "2628"]
[BlackElo "2606"]
[Annotator "TA"]
[PlyCount "53"]
[EventDate "2021.02.16"]
[EventType "tourn"]
[EventCountry "ARM"]
[SourceTitle "playchess.com"]
[Source "ChessBase"]
[SourceQuality "1"]

{[%evp 20,53,21,29,30,22,25,17,30,19,88,21,29,31,80,0,0,0,11,16,13,14,45,18,18,12,8,8,8,0,4,3,8,0,0,0]} 1. d4 Nf6 2. c4 c6 3. Nc3 d5 4. Nf3 dxc4 5. a4 Bf5 6. Ne5 Nbd7 7. Nxc4 Qc7 8. g3 e5 9. dxe5 Nxe5 10. Bf4 Nfd7 {[#]} 11. Bg2 $1 g5 {D17: Slav Defence: 5 a4 Bf5: Lines with 6 Nh4 and 6 Ne5.} (11... Rd8 12. O-O) 12. Ne3 (12. Nxe5 gxf4 13. Nxd7 O-O-O 14. Qd4 Qxd7 15. Qxf4 Bd6 16. Qc1 Kb8 17. O-O h5 18. h4 a5 19. Qg5 Rdg8 20. Qf6 Qe6 21. Qxe6 Bxe6 22. Ne4 Be7 23. Rfc1 {½-½ (32) Petrosyan,M (2550)-Andriasian,Z (2621) Yerevan 2017}) 12... gxf4 13. Nxf5 O-O-O 14. Qc2 a5 (14... fxg3 $11 {keeps the balance.} 15. hxg3 Nf6) 15. O-O-O (15. gxf4 $16 Rg8 16. O-O (16. fxe5 Rxg2 17. Ng3 Qxe5 $18)) 15... fxg3 16. hxg3 Bb4 {[#]} 17. Rh4 $146 (17. Na2 $16) ({Predecessor:} 17. Ne4 Kb8 18. f4 Ng4 19. Bf3 Ngf6 20. Nxf6 Nxf6 21. e4 Nd7 22. e5 Nc5 23. Bh5 {1-0 (42) Kuljasevic,D (2555)-Flumbort,A (2435) Hungary 2017}) 17... Nc5 $11 18. Ne3 Rxd1+ 19. Ncxd1 {[#] aiming for Rxb4!} Qd6 20. Nf5 Qf8 (20... Qf6 {is interesting.} 21. Bh3 Ned7 22. Nfe3 Kb8 23. Bxd7 Nxd7 24. Rf4 Qe7) 21. Nde3 (21. Kb1 {keeps more tension.} Kb8 22. Nc3 Na6 23. e3 Qd8 24. Rd4) 21... Kb8 {The position is equal.} 22. Nc4 Nxc4 23. Rxc4 Ne6 24. Kb1 Qd8 25. e3 Qb6 26. Nd4 Nxd4 27. Rxd4 {Weighted Error Value: White=0.19/Black=0.14} 1/2-1/2

[Event "81st ARM-ch 2021"]
[Site "Yerevan"]
[Date "2021.02.18"]
[Round "3.1"]
[White "Sargsyan, Shant"]
[Black "Petrosyan, Manuel"]
[Result "1/2-1/2"]
[WhiteElo "2596"]
[BlackElo "2628"]
[Annotator "TA"]
[PlyCount "98"]
[EventDate "2021.02.16"]
[EventType "tourn"]
[EventCountry "ARM"]
[SourceTitle "playchess.com"]
[Source "ChessBase"]
[SourceQuality "1"]

{[%evp 18,98,40,11,37,36,51,59,70,61,70,61,62,70,74,61,41,45,40,50,47,44,50,59,54,44,53,40,31,34,33,33,32,38,50,-9,-6,-8,-9,-23,-31,-54,-39,-51,-50,-37,-28,-44,-29,-35,-35,-22,-42,-59,-46,-77,-59,-59,-66,-80,-80,-80,-80,-80,-20,-17,-17,-17,-10,-17,0,0,0,0,0,0,0,0,0,0,0,0,0]} 1. d4 Nf6 2. c4 e6 3. Nf3 d5 4. Nc3 Be7 5. Bf4 O-O 6. e3 c5 7. dxc5 Bxc5 8. Qc2 Nc6 9. a3 {9.Rd1 injects fresh life into this line.} Qa5 10. Rd1 Rd8 {D37: Queen's Gambit Declined: 5 Bf4.} 11. Nd2 d4 {[#]} 12. Nb3 $1 Qb6 {White is slightly better.} 13. Na4 {[%csl LRb6,LRc5][%mdl 64] Double Attack} Bb4+ $1 14. axb4 Qxb4+ 15. Nd2 Qa5 16. Qb3 {And now Qb5 would win.} e5 17. Bg5 Nb4 $1 18. Bxf6 gxf6 19. Be2 Bd7 20. Ra1 {aiming for exd4.} dxe3 21. fxe3 b5 {[#]} 22. O-O $1 bxa4 23. Qc3 f5 24. Nf3 f6 25. Nh4 Nc6 {[#]} 26. Bd1 $146 (26. Qa3 $14) ({Predecessor:} 26. Qc2 Qc5 27. Nxf5 Bxf5 28. Qxf5 Qxe3+ 29. Qf2 Qxf2+ 30. Rxf2 Nd4 31. Rxa4 e4 32. Bh5 {½-½ (68) Dreev,A (2655)-Ter Sahakyan,S (2640) chess.com INT 2020}) 26... Qxc3 $11 27. bxc3 Ne7 28. Bxa4 Be6 29. Bc2 {[%cal Rh4f5]} Bxc4 30. Rf2 a5 31. Nxf5 Nxf5 32. Rxf5 Rd2 33. Rf2 Rad8 34. Rxd2 Rxd2 $15 {[%mdl 4096] Endgame KRB-KRB} 35. Bf5 Ra2 $1 {[%cal Ra2a1]} 36. Rb1 a4 37. Rb4 Bd5 38. c4 {[#]} Bc6 ({Don't play} 38... Bxg2 39. c5 $11) 39. Rb6 Rxg2+ 40. Kf1 Bf3 (40... Rxh2 $17 {Hoping for ...a3.} 41. Rxc6 a3 42. Be6+ (42. Rxf6 $2 a2 $19) 42... Kg7 43. Rc7+ Kh6) 41. Rxf6 $11 {Be6+ is the strong threat.The position is equal.} Kg7 42. Ra6 Ra2 {Strongly threatening ...Be2+.} 43. Be6 Bd1 44. c5 Rxh2 45. Ra7+ Kf6 46. Bd7 {Threatens to win with c6.} h5 47. c6 {Black must now prevent c7.} Bg4 48. Rxa4 Bxd7 49. cxd7 Ke7 {Weighted Error Value: White=0.06/Black=0.05} 1/2-1/2

[Event "81st ARM-ch 2021"]
[Site "Yerevan"]
[Date "2021.02.18"]
[Round "3.2"]
[White "Martirosyan, Haik M."]
[Black "Petrosian, Tigran L."]
[Result "1/2-1/2"]
[WhiteElo "2622"]
[BlackElo "2601"]
[Annotator "TA"]
[PlyCount "86"]
[EventDate "2021.02.16"]
[EventType "tourn"]
[EventCountry "ARM"]
[SourceTitle "playchess.com"]
[Source "ChessBase"]
[SourceQuality "1"]

{[%evp 9,86,18,19,0,25,10,41,36,43,41,37,30,52,45,54,19,24,22,35,10,24,10,20,24,33,34,33,37,50,48,70,33,42,26,47,43,88,9,42,31,48,39,70,52,59,43,58,-39,0,-33,-39,-63,-6,-175,-170,-360,-321,-324,-324,-409,0,0,0,0,0,0,0,-8,0,0,0,0,0,0,0,0,0,0,0]} 1. d4 Nf6 2. c4 e6 3. Nf3 d5 4. Nc3 Bb4 5. cxd5 exd5 6. Bf4 {D38: Queen's Gambit Declined: Ragozin Defence (4 Nf3 Bb4).} O-O 7. e3 c6 8. Bd3 {White is slightly better.} Re8 9. O-O Nbd7 10. a3 Ba5 11. Qc2 {[#]} Bc7 $146 ({Predecessor:} 11... Nf8 12. Bg5 Qd6 13. b4 Bb6 14. Bf4 Qe7 15. b5 Ng6 16. Bg3 c5 17. dxc5 Bxc5 {½-½ (36) Yankelevich,L (2414)-Barzen,P (2260) Luxemburg 2016}) 12. b4 Bxf4 13. exf4 Nf8 14. Ne5 Ne6 15. Ne2 $1 Qb6 16. Rfd1 a5 17. Rab1 axb4 18. axb4 h6 19. h3 Ra3 (19... Nxd4 $2 20. Nxd4 Be6 21. Bf5 $18) 20. Qb2 Ra8 21. g4 Nf8 22. Qc2 N6d7 {[#]} 23. Bf5 (23. b5 $1 $16 {[%cal Rb5c6]} Nxe5 24. dxe5 (24. fxe5 Qc7 $14)) 23... Qd8 24. b5 Nxe5 25. dxe5 Qh4 26. Rd3 g6 27. bxc6 bxc6 {[#]} 28. Rg3 $1 gxf5 $15 29. gxf5+ Kh8 30. Kh2 Nh7 (30... Ba6 $15 31. Rg4 Qxf2+ {[%mdl 64] Double Attack} 32. Rg2 Qh4) 31. Rbg1 $2 (31. e6 $1 $11 {and White has nothing to worry.} Qf6 32. Qxc6 {[%mdl 64] Double Attack}) 31... Bd7 $19 32. Rg4 $2 (32. Rb1 {was the only defense.}) 32... Qxf2+ 33. R1g2 Qe3 34. e6 Bxe6 (34... fxe6 $19 {And now ...e5 would win.} 35. f6 Qe4) 35. Qb2+ {The position is equal.} d4 36. fxe6 Qxe6 {aiming for ...c5.} ({Don't blunder} 36... Nf6 $2 37. Rh4 $18) 37. Qxd4+ Qf6 38. Qc5 (38. Qd3 {is interesting.} Rg8 39. Qg3 Rxg4 40. Qxg4 c5 41. Ng3) 38... Rg8 39. Qh5 Rxg4 40. Qxg4 c5 41. Ng3 Rg8 42. Qxg8+ Kxg8 43. Ne4+ {[%mdl 64] Double Attack} Qg6 {Weighted Error Value: White=0.31/Black=0.28} 1/2-1/2

[Event "81st ARM-ch 2021"]
[Site "Yerevan"]
[Date "2021.02.18"]
[Round "3.3"]
[White "Hovhannisyan, Robert"]
[Black "Gabuzyan, Hovhannes"]
[Result "0-1"]
[WhiteElo "2642"]
[BlackElo "2557"]
[Annotator "TA"]
[PlyCount "165"]
[EventDate "2021.02.16"]
[EventType "tourn"]
[EventCountry "ARM"]
[SourceTitle "playchess.com"]
[Source "ChessBase"]
[SourceQuality "1"]

{[%evp 10,165,18,0,20,16,26,23,21,21,36,29,67,0,3,-33,0,0,0,0,-6,-53,-57,-56,-47,-52,33,48,48,0,0,0,58,-7,81,81,86,0,0,-259,-228,-249,-237,-246,-223,-310,-309,-393,-242,-367,0,-330,-213,-212,-210,-202,-202,-252,-241,-236,-158,-157,-113,-264,-260,-262,-253,-245,-222,-222,-222,-266,-270,-258,-238,-261,-133,-222,-155,-200,-82,-82,-82,-82,-63,-199,-82,-82,-82,-201,-178,-201,-201,-201,-201,-201,-197,-201,-223,-317,-210,-320,-305,-326,-199,-313,-301,-354,-345,-402,-295,-311,-299,-290,-276,-402,-305,-287,-115,-243,-110,-272,-278,-679,-679,-618,-618,-566,-554,-539,-522,-517,-485,-403,-395,-320,-289,-580,-576,-29969,-29970,-29969,-29964,-29969,-29968,-29969,-29971,-29962,-29966,-29963,-29962,-29959,-29961,-29984,-29985,-29988,-29984,-29987]} 1. e4 c5 2. Nf3 d6 3. d4 cxd4 4. Nxd4 Nf6 5. Nc3 a6 6. a3 Nc6 {B90: Sicilian Najdorf: Unusual White 6th moves, 6 Be3 Ng4 and 6 Be3 e5.} 7. Be2 g6 8. Be3 Bg7 {White has an edge.} 9. Qd2 Bd7 {[#]} 10. O-O-O $146 ({Predecessor:} 10. a4 O-O 11. O-O Rc8 12. f4 Qc7 13. g4 Nxd4 14. Bxd4 Bc6 15. Bf3 e5 16. Be3 Rfd8 17. g5 exf4 18. Bxf4 Ne8 19. Bg4 Rb8 20. Rfd1 Qb6+ {0-1 (20) Sandor,L (1490)-Nemeth,O (1837) Budapest 2012}) 10... b5 11. Nxc6 ({White should play} 11. g4 $14) 11... Bxc6 $11 12. f3 h5 13. Kb1 Qc7 14. h3 Rb8 15. g4 b4 $1 16. axb4 Rxb4 {[%cal Rf6e4]} 17. e5 {[#] Black must now prevent Na2.} (17. Bxa6 $2 Qa5 $19) 17... O-O 18. Na2 $1 $36 {[%cal Ra2b4][%mdl 2048] White is more active.} (18. exf6 Bxf6 19. Kc1 Qa5 $19) (18. exd6 $2 Qa5 $19) 18... Ra4 {Hoping for ...Nd5.} 19. Nc3 (19. exd6 Qb7 $17) 19... Rb4 20. Na2 $1 {[%cal Ra2b4]} (20. exf6 Bxf6 21. Qd3 Rfb8 $19) (20. exd6 $2 Qa5 $19) 20... Ra4 21. Nc3 {[#]} (21. exd6 Qb7 $17) ({Better is} 21. exf6 $14 Bxf6 22. Nc1) 21... Rb8 22. Nxa4 $16 (22. exf6 $6 Rxb2+ 23. Kxb2 Bxf6 $11) 22... Bxa4 23. exf6 (23. exd6 $16 exd6 24. Bd4 (24. Bxa6 $2 Ne4 $19)) 23... Bxf6 $11 24. c4 $2 {[%mdl 8192]} (24. b3 $2 Bxb3 25. cxb3 Rxb3+ 26. Ka2 Rc3 $19) (24. Bd4 $11 Bxd4 25. Qxd4 Bxc2+ 26. Kc1 Bd3+ 27. Qc3 Qxc3+ 28. bxc3 Bxe2 29. Rde1 Bxf3 {[%mdl 64] Double Attack} 30. Rhf1) 24... Rxb2+ $19 25. Qxb2 Bxb2 26. Kxb2 Qb8+ 27. Kc1 {Threatening Rd2.} Qb3 {[%csl Ga4][%cal Rb3c2]} 28. Bd3 {With the idea Bd4.} Qa3+ 29. Kb1 (29. Kd2 $142 Qb2+ 30. Ke1 Bxd1 31. Kxd1) 29... Qb3+ 30. Kc1 $1 d5 {[%mdl 64] Overworked Piece} 31. cxd5 Bb5 $1 {[%cal Rb5d3]} 32. Bxb5 {Strongly threatening Rd3.} Qxe3+ {[%mdl 64] Double Attack} 33. Kb2 axb5 34. gxh5 {[%mdl 4096] Endgame KQ-KRR} Qe5+ (34... Qxf3 35. hxg6 fxg6 36. Rhg1) 35. Kb3 Qxh5 36. Kb4 $2 (36. Rd3 $17) 36... Qxf3 37. Kxb5 Kf8 38. h4 Ke8 39. Kc4 Kd7 40. Rhf1 Qg4+ 41. Kc3 Qh3+ ({Less strong is} 41... Qxh4 42. Rxf7 Kd6 43. Rf3 $17) 42. Kc2 f6 ({But not} 42... Qxh4 43. Rxf7 Qc4+ 44. Kd2 $19) (42... f5 $1 $19 43. Rh1 Qg2+ 44. Kc3 f4) 43. Rh1 (43. d6 $17 {was called for.}) 43... Qg2+ 44. Kc3 Kd6 (44... f5 $19 {and Black stays clearly on top.} 45. Rhg1 Qe2) 45. Rhg1 $17 Qe4 46. Rd3 Kc5 47. Rgd1 ({White should try} 47. Rgg3 $1 $15) 47... Qe5+ ({Worse is} 47... Qxh4 48. d6 $11) (47... f5 $19 {has better winning chances.} 48. Kb3 Qc4+ 49. Kb2 Kd6) 48. Kb3 Kd6 49. Rh1 (49. Rg1 $17) 49... Qe4 $19 50. Rhh3 Kd7 $1 51. Kc3 Qe1+ 52. Kb3 Qb1+ 53. Kc3 {[#]} f5 $1 54. Kd2 (54. h5 $142 g5 55. h6) 54... Qg1 55. Rdg3 (55. Ke2 $142) 55... Qf2+ 56. Kc3 Qe1+ 57. Kc2 (57. Kc4 {is the only way for White.}) 57... f4 58. Rd3 Kd6 59. Rh2 Qa1 {And now ...Qa2+ would win.} 60. Re2 Qf1 61. Rdd2 Qh3 62. Rh2 (62. Rd4 {might work better.} f3 63. Rf2) 62... Qf5+ 63. Rd3 Kc5 (63... Qe4 $19 64. Rhh3 Ke5) 64. Rhh3 (64. Rf2 $17) 64... Kc4 (64... Qe5 $19 {is more deadly.} 65. Kd1 Qe4) 65. Kd2 $2 (65. Rhf3 $17 {only move.}) 65... Qg4 66. Rh2 $2 (66. Ke1) 66... f3 {Threatens to win with ...Qf4+.} 67. Rc3+ Kb4 {...Qf4+ is the strong threat.} 68. Rc2 Qd4+ 69. Kc1 Qe3+ 70. Kb2 Qe5+ 71. Ka2 Qxd5+ 72. Kb1 {intending Rb2+.} Qd1+ 73. Ka2 $2 {[#]} (73. Kb2 Qd4+ 74. Ka2 Qd5+ 75. Kb2) 73... e5 $1 74. Rhd2 {[#]} Qxc2+ $3 {[%mdl 512] Black mates.} 75. Rxc2 {KR-K3P} e4 76. Rf2 Kc3 77. Ka3 Kd4 78. Kb3 e3 79. Rxf3 e2 80. Rf4+ Kd5 81. h5 e1=Q 82. Rf8 gxh5 83. Rf5+ {Weighted Error Value: White=0.37/Black=0.34} 0-1

[Event "81st ARM-ch 2021"]
[Site "Yerevan"]
[Date "2021.02.18"]
[Round "3.4"]
[White "Andriasian, Zaven"]
[Black "Pashikian, Arman"]
[Result "0-1"]
[WhiteElo "2606"]
[BlackElo "2606"]
[Annotator "TA"]
[PlyCount "78"]
[EventDate "2021.02.16"]
[EventType "tourn"]
[EventCountry "ARM"]
[SourceTitle "playchess.com"]
[Source "ChessBase"]
[SourceQuality "1"]

{[%evp 9,78,18,18,11,21,6,10,-10,-7,-18,-12,-35,-27,-39,-15,-37,0,0,14,14,21,-29,-29,-29,-29,-31,-19,-33,-19,-20,-22,-62,-62,-82,-62,-104,-123,-215,-142,-142,-143,-254,-225,-294,-289,-395,-406,-402,-387,-505,-504,-650,-622,-1383,-1336,-1539,-1539,-1534,-1525,-1519,-1487,-3121,-2881,-29989,-29990,-29992,-29993,-29993,-29994,-29995,-29996]} 1. e4 e5 2. Nf3 Nc6 3. Bb5 Nf6 4. d3 Bc5 5. Bxc6 dxc6 6. Nbd2 {C65: Ruy Lopez: Berlin Defence (3...Nf6), unusual lines and 4 0-0 Bc5.} Be6 7. Nb3 Bb6 8. h3 {The position is equal.} Nd7 {[#]} 9. Bd2 $146 ({Predecessor:} 9. Ng5 Qe7 10. Nxe6 Qxe6 11. Qg4 Qg6 12. Bd2 O-O-O 13. Bc3 f6 14. a4 a6 15. Nd2 Qxg4 16. hxg4 {0-1 (71) Sevian,S (2556)-Radjabov,T (2738) Baku 2015}) 9... Qe7 10. Qe2 f6 11. Bc3 a5 12. Nbd2 c5 13. a4 Nb8 14. b3 Nc6 15. Bb2 Nd4 16. Qd1 c6 17. O-O g5 18. Nh2 {Strongly threatening c3.} Bd7 19. Nc4 Bc7 20. Ne3 h5 21. Re1 O-O-O 22. Nhf1 g4 $1 23. c3 (23. h4 $17) 23... Ne6 24. h4 ({Not} 24. hxg4 $2 hxg4 25. Nh2 Nf4 $19) 24... Nf4 25. Qc2 {[#]} (25. Ng3 $17 {was worth a try.}) 25... f5 $1 $19 {[%cal Rf5e4]} 26. Ng3 Qxh4 27. Ngxf5 Qg5 28. Ba3 b6 29. b4 {[#] aiming for bxa5.} h4 $1 30. bxc5 g3 31. Rf1 {intending cxb6.} Bxf5 32. Nxf5 h3 33. fxg3 hxg2 {( -> ...Rh1+)} 34. Rxf4 exf4 35. Qxg2 Rxd3 {[%mdl 64] Double Attack} 36. Rb1 fxg3 {Black mates.} 37. Qe2 Rd2 38. Ne7+ Qxe7 39. Qxd2 Qxe4 {[%csl Ge4][%cal Rh8h1][%mdl 64] Double Attack.  Weighted Error Value: White=0.69/Black=0.05} 0-1

[Event "81st ARM-ch 2021"]
[Site "Yerevan"]
[Date "2021.02.18"]
[Round "3.5"]
[White "Ter-Sahakyan, Samvel"]
[Black "Harutyunian, Tigran K."]
[Result "1/2-1/2"]
[WhiteElo "2640"]
[BlackElo "2549"]
[Annotator "TA"]
[PlyCount "99"]
[EventDate "2021.02.16"]
[EventType "tourn"]
[EventCountry "ARM"]
[SourceTitle "playchess.com"]
[Source "ChessBase"]
[SourceQuality "1"]

{[%evp 28,99,15,5,18,28,3,15,33,45,58,47,58,63,58,52,56,62,59,53,56,60,55,53,47,63,66,30,12,0,0,0,0,0,0,0,80,80,73,17,18,0,89,8,8,8,7,4,7,-6,-7,-2,0,-5,0,-5,0,-4,-1,-7,0,-8,-8,-8,-8,-8,-8,-13,-2,-6,0,0,0,-8]} 1. e4 c5 2. Nf3 Nc6 3. d4 cxd4 4. Nxd4 e5 5. Nb5 d6 6. N1c3 a6 7. Na3 b5 8. Nd5 Nf6 9. Bg5 Be7 10. Bxf6 Bxf6 11. c3 Bg5 12. Nc2 Rb8 13. Be2 O-O 14. O-O Be6 15. Qd3 g6 {B33: Sicilian: Pelikan and Sveshnikov Variations.} 16. Rad1 a5 17. Na3 {[#]} b4 $146 ({Predecessor:} 17... Na7 18. Nc2 f5 19. Bf3 Qd7 20. a3 Kh8 21. Rfe1 Rfd8 22. Nce3 Nc6 23. b4 {½-½ (23) Kasapchuk,A (2449)-Hugentobler,P (2466) ICCF corr 1999}) 18. Nb5 bxc3 19. bxc3 Ne7 20. Ndc7 Bxa2 21. Qc2 Bb3 {[%cal Rb3c2]} 22. Qxb3 {Qa3 is the strong threat.} Qxc7 $1 {[#]} 23. Qxf7+ $1 Kxf7 24. Nxc7 {aiming for Bc4+.} Rfc8 25. Nb5 Rc5 26. Nxd6+ Kg7 27. g3 Rb2 28. Bc4 (28. Ba6 {keeps more tension.} Rxc3 29. h4 Bh6 30. g4 Bf4 31. Nc4) 28... Bd2 {And now ...Rc6 would win.} 29. Rb1 Bxc3 30. Rxb2 Bxb2 31. Rb1 Ba3 (31... Nc8 $11 {keeps the balance.} 32. Ne8+ Kf8 33. Rxb2 Rxc4) 32. Rb7 $16 Kf8 {[#]} 33. Rb8+ ({White should play} 33. Rb3 $1 $16 {[%cal Rb3a3]} Bb4 34. Rf3+ Kg7 35. Rf7+ {[%mdl 64] Double Attack} Kh6 36. Rxe7 Rxc4 37. Nxc4 Bxe7 38. Nxa5) 33... Kg7 $11 34. Rb7 (34. Ra8 $11) 34... Kf8 $1 $16 {[#]} 35. h4 ({Better is} 35. Rb3 $1 $16 {[%cal Rb3a3]} Bb4 36. Rf3+ Kg7 37. Rf7+ Kh6 38. Rxe7 Rxc4 39. Nxc4 Bxe7 40. Nxa5) 35... Rc6 $11 {The position is equal.} 36. Rb8+ Kg7 37. Ne8+ Kh6 38. Be2 Rc8 39. Rb3 Bb4 40. Nf6 Rc2 41. Bb5 (41. Ng4+ {looks sharper.} Kg7 42. Kf1 Rc1+ 43. Kg2 Nc6 44. Rd3) 41... Rc3 42. Rb2 (42. Rxc3 {feels hotter.} Bxc3 43. Bd7 Kg7 44. Ne8+ Kf8 45. Nc7) 42... Kg7 43. Nd7 Nc8 44. Nxe5 Rc5 {[%mdl 64] Double Attack} 45. Ba6 {Strongly threatening Nd3.} Rxe5 46. Bxc8 Rxe4 47. Bd7 Rd4 48. Bb5 Rd2 49. Rxd2 Bxd2 50. Kg2 {Weighted Error Value: White=0.11/Black=0.07} 1/2-1/2